[Event "Alushta op"]
[Site "Alushta"]
[Date "1993.??.??"]
[Round "?"]
[White "Golod, Vitali"]
[Black "Bashkov, Viacheslav"]
[Result "1-0"]
[WhiteElo "2485"]
[BlackElo "2450"]

1.d4 d5 2.c4 e6 3.Nc3 c6 4.e3 Nf6 5.Nf3 Nbd7 6.Be2 Bd6 7.O-O O-O 8.b3 Qe7
9.Bb2 b6 10.Qc2 Bb7 11.Rfd1 Rfd8 12.e4 dxe4 13.Nxe4 Nxe4 14.Qxe4 Nf6 15.Qe3 c5
16.Ne5 cxd4 17.Bxd4 Nd7 18.h3 Nxe5 19.Bxe5 Bc5 20.Qg3 f6 21.Bf4 Bd4 22.Rac1 e5
23.Be3 Bb2 24.Rb1 Ba3 25.Bf3 e4 26.Bg4 Rd3 27.Rxd3 exd3 28.Bf5 Rd8 29.Rd1 Be4
30.Bxe4 Qxe4 31.Qc7 Qe8 32.Re1 Rd7 33.Qc6 Bc5 34.Bd2 Qd8 35.b4 Bd4 36.c5 bxc5
37.bxc5 h6 38.Qe4 Bxc5 39.Qc4+ Rd5 40.Re8+ Qxe8 41.Qxd5+ Qf7 42.Qxc5 Qxa2
43.Qc8+  1-0

[Event "Alushta3"]
[Site "Alushta"]
[Date "1993.??.??"]
[Round "?"]
[White "Savon, Vladimir A"]
[Black "Dragomarezkij, Evgeni"]
[Result "1-0"]
[WhiteElo "2450"]
[BlackElo "2535"]

1.c4 c6 2.Nf3 d5 3.e3 Nf6 4.Nc3 e6 5.d4 Nbd7 6.Qc2 Bd6 7.Be2 O-O 8.O-O Qe7
9.e4 Nxe4 10.Nxe4 dxe4 11.Qxe4 e5 12.Bg5 Qe8 13.Qh4 f6 14.c5 e4 15.cxd6 Nb6
16.Bf4 exf3 17.Bd3 g6 18.Rfe1 Be6 19.Bh6 Qd7 20.Bxf8 Rxf8 21.Qg3 Kf7 22.Re4 fxg2
23.Rae1 Re8 24.Rh4 Kf8 25.Rxh7 Qxh7 26.Bxg6 Qd7 27.Qh4  1-0

[Event "Amsterdam VSB"]
[Site "Amsterdam"]
[Date "1993.??.??"]
[Round "2"]
[White "Piket, Jeroen"]
[Black "Kramnik, Vladimir"]
[Result "1/2-1/2"]
[WhiteElo "2590"]
[BlackElo "2685"]

1.d4 d5 2.c4 c6 3.Nc3 Nf6 4.Nf3 e6 5.e3 Nbd7 6.Bd3 dxc4 7.Bxc4 b5 8.Bd3 Bb7
9.e4 b4 10.Na4 c5 11.e5 Nd5 12.O-O cxd4 13.Re1 g6 14.Bg5 Qa5 15.Nxd4 a6 16.Rc1 Bg7
17.Nc6 Bxc6 18.Rxc6 O-O 19.Bc4 h6 20.Bxd5 Qxd5 21.Qxd5 exd5 22.Bf6 Nxe5 23.Bxe5 Rae8
24.f4 f6 25.Nb6 fxe5 26.Nxd5 exf4 27.Rxe8 Rxe8 28.Rxg6 Kh7 29.Rxa6 Re2 30.Kf1 Rxb2
31.Nxf4  1/2-1/2

[Event "Andorra op"]
[Site "Andorra"]
[Date "1993.??.??"]
[Round "3"]
[White "Gausel, Einar"]
[Black "Magerramov, Elmar"]
[Result "1/2-1/2"]
[WhiteElo "2500"]
[BlackElo "2545"]

1.Nf3 d5 2.c4 c6 3.d4 Nf6 4.Nc3 e6 5.e3 Nbd7 6.Qc2 Bd6 7.Be2 O-O 8.O-O e5
9.cxd5 cxd5 10.dxe5 Nxe5 11.Nb5 Bb8 12.b3 Bg4 13.Nbd4 Qd6 14.Nxe5 Rc8 15.Qd1 Qxe5
16.f4 Bxe2 17.fxe5 Bxd1 18.exf6 Bc2 19.fxg7 Be5 20.Bb2 Bxg7 21.Rac1 Be4 22.Rxc8+ Rxc8
23.Rc1 Rxc1+ 24.Bxc1 a6 25.Bd2 Bf8 26.b4 Bd6 27.Bc3 h5 28.g3 Kh7 29.Kf2 Kg6
30.h4 Bd3  1/2-1/2

[Event "Andorra op"]
[Site "Andorra"]
[Date "1993.??.??"]
[Round "4"]
[White "Roeder, Mathias"]
[Black "Gausel, Einar"]
[Result "1-0"]
[WhiteElo "2425"]
[BlackElo "2500"]

1.d4 Nf6 2.c4 e6 3.Nf3 d5 4.Nc3 c6 5.e3 Nbd7 6.Qc2 Bd6 7.Be2 O-O 8.O-O e5
9.cxd5 cxd5 10.Nb5 Bb8 11.dxe5 Nxe5 12.Rd1 Qe7 13.Bd2 Bg4 14.Nbd4 Rc8 15.Qb3 Nc6
16.Rdc1 Bd6 17.h3 Nxd4 18.Nxd4 Bxe2 19.Nxe2 Ne4 20.Rxc8+ Rxc8 21.Bc3 Rd8
22.Rd1 Nc5 23.Qc2 Ne4 24.Kf1 Be5 25.Bxe5 Qxe5 26.Nd4 g6 27.Kg1 Qf6 28.Rc1 Kg7
29.Qe2 Rd7 30.b3 a6 31.a4 h5 32.Rc8 Nd6 33.Rc1 Ne4 34.Qb2 Kh7 35.Qc2 Ng5
36.Qc3 Qd8 37.Qc8 Qxc8 38.Rxc8 Kg7 39.h4 Ne6 40.Nxe6+ fxe6 41.Kf1 Kf6 42.Ke2 d4
43.Kd3 dxe3+ 44.Kxe3 Rd6 45.b4 e5 46.Rc7 Rb6 47.Rc4 Ke6 48.Kd3 Rd6+ 49.Ke3 b5
50.axb5 axb5 51.Rc5 Rd5 52.Rc6+ Kf5 53.Rb6 e4 54.g3 Rd3+ 55.Ke2 Rd5 56.Ke1 Re5
57.Kd2 Rd5+ 58.Ke2 Re5 59.Rd6 Re6 60.Rd8 e3 61.f3 Ke5 62.Kxe3 Ra6 63.f4+ Ke6
64.Rb8 Ra3+ 65.Ke4 Rxg3 66.Rxb5 Rh3 67.Rg5 Rxh4 68.Rxg6+ Ke7 69.Rg1 Rh2 70.Rb1 Re2+
71.Kf5 Re6 72.b5 Rb6 73.Kg5 Ke6 74.Re1+ Kf7 75.Re5 Rg6+ 76.Kxh5 Rg1 77.Rg5 Rf1
78.Kg4 Ke6 79.Re5+ Kd6 80.Re2 Rb1 81.Kg5 Rxb5+ 82.f5 Kd7 83.Kg6 Rb1 84.f6 Rf1
85.Kg7 Rf3 86.f7 Rg3+ 87.Kf8 Rg1 88.Rd2+ Kc7 89.Rd4  1-0

[Event "Andorra op"]
[Site "Andorra"]
[Date "1993.??.??"]
[Round "6"]
[White "Rausis, Igors"]
[Black "Gausel, Einar"]
[Result "1/2-1/2"]
[WhiteElo "2575"]
[BlackElo "2500"]

1.d4 d5 2.c4 e6 3.Nf3 Nf6 4.Nc3 c6 5.e3 Nbd7 6.Bd3 dxc4 7.Bxc4 b5 8.Bd3 Bb7
9.a3 a5 10.O-O b4 11.Ne4 Be7 12.Bd2 O-O 13.Qc2 c5 14.Nxf6+ Nxf6 15.dxc5 Bxc5
16.axb4 Bxb4 17.Bxb4 axb4 18.Rad1 Qb8 19.Ng5 h6 20.Ne4 Bxe4 21.Bxe4 b3 22.Qb1 Ra2
23.Bf3 Rc8 24.Rd2 g6 25.g3 Qb5 26.Rc1 Rxc1+ 27.Qxc1 Qa5 28.Kg2 Ra1 29.Qc8+ Kg7
30.Qd8 Qa2 31.Qe7 Qb1 32.Bd1 Qe4+ 33.Bf3 Qc4 34.Bd1 Qc6+ 35.Bf3 Qc1 36.Rd1 Qxb2
37.Rd8 Qa3 38.Qxa3 Rxa3 39.Rb8 g5 40.h3 h5 41.Rb5 Kh6 42.Bd1 Ra2 43.Bxb3 Rd2
44.Rb7 Kg6 45.Rc7 g4 46.Rc2 Ne4  1/2-1/2

[Event "Antwerp op"]
[Site "Antwerp"]
[Date "1993.??.??"]
[Round "7"]
[White "Lputian, Smbat G"]
[Black "Lau, Ralf"]
[Result "1-0"]
[WhiteElo "2565"]
[BlackElo "2510"]

1.d4 d5 2.c4 c6 3.Nc3 Nf6 4.e3 e6 5.Nf3 Nbd7 6.Qc2 Bd6 7.Be2 O-O 8.O-O dxc4
9.Bxc4 Qe7 10.h3 c5 11.a3 a6 12.dxc5 Bxc5 13.b4 Bd6 14.Bd3 Ne5 15.Nxe5 Bxe5
16.Bb2 h6 17.Ne4 Bxb2 18.Qxb2 Nd5 19.Rfc1 Rd8 20.Bc4 b6 21.Qe5 Bb7 22.Bb3 a5
23.b5 Rd7 24.Kh2 Rad8 25.Rc2 Nf6 26.Nxf6+ Qxf6 27.Qxf6 gxf6 28.Rac1 Rd3 29.Rc3 Kf8
30.a4 Ke7 31.Rxd3 Rxd3 32.Bd1 Rd8 33.Rc7+ Rd7 34.Rc1 Rd8 35.Rc7+ Rd7 36.Rc1 Rd8
37.Kg3 Kd7 38.Bf3 Rg8+ 39.Kh4 Bxf3 40.gxf3 Rg2 41.Rc2 f5 42.Kh5 Ke7 43.Kxh6 Kf6
44.h4 Rg1 45.h5 Ra1 46.Rc4 Ra2 47.f4 Rxf2 48.Kh7 Re2 49.Rc3 Ra2 50.Rc7 Rg2
51.Rb7 Rg3 52.Rxb6 Rxe3 53.Ra6 Rh3 54.h6 Rh4 55.b6 Rxf4 56.Rxa5  1-0

[Event "Antwerp op"]
[Site "Antwerp"]
[Date "1993.??.??"]
[Round "8"]
[White "Stepak, Yedael"]
[Black "Huzman, Alexander"]
[Result "0-1"]
[WhiteElo "2285"]
[BlackElo "2520"]

1.d4 Nf6 2.c4 e6 3.Nf3 d5 4.Nc3 c6 5.e3 Nbd7 6.Bd3 dxc4 7.Bxc4 b5 8.Be2 Bb7
9.O-O a6 10.b3 c5 11.Bb2 Bd6 12.Rc1 O-O 13.dxc5 Bxc5 14.Nd4 Qb6 15.Nc2 Rfd8
16.Qe1 Rac8 17.Rd1 Bd6 18.Nd4 Qc7 19.h3 Bb4 20.Rc1 Qa5 21.a3 Bxa3 22.Bxa3 Qxa3
23.Nb1 Qd6 24.Rd1 Qb6 25.b4 Ne5 26.Nd2 Bd5 27.Ra1 Nc4 28.N2b3 e5 29.Nf5 Qe6
30.Bg4 Nxg4 31.hxg4 g6 32.e4 Ba8 33.Nc5 Rxc5 34.bxc5 gxf5 35.gxf5 Qc6 36.Qc1 Rd2
37.Qc3 Bb7 38.Qg3+ Kf8 39.Rad1 Qxe4 40.Qh2 h5 41.f6 Qg4 42.Rde1 h4 43.f3 Qg3
44.Qxg3 hxg3 45.Rd1 Rxd1 46.Rxd1 Ke8 47.Rc1 Bc6 48.Rc3 a5 49.Kf1 b4 50.Rc1 Ne3+
51.Ke2 Nxg2 52.Kd3 Nf4+ 53.Ke3 g2  0-1

[Event "Antwerp op"]
[Site "Antwerp"]
[Date "1993.??.??"]
[Round "9"]
[White "Cifuentes Parada, Roberto"]
[Black "Lau, Ralf"]
[Result "1/2-1/2"]
[WhiteElo "2495"]
[BlackElo "2510"]

1.d4 d5 2.c4 e6 3.Nf3 c6 4.e3 Nf6 5.Nc3 Nbd7 6.Bd3 dxc4 7.Bxc4 b5 8.Bd3 Bb7
9.e4 b4 10.Na4 c5 11.e5 Nd5 12.O-O h6 13.Bd2 a6 14.Rc1 Rc8 15.dxc5 Qa5 16.Rc4 Nxc5
17.Nxc5 Rxc5 18.a3 Rxc4 19.Bxc4 Be7 20.axb4 Nxb4 21.Bc3 Qb6 22.Qd4 Bc5 23.Qg4 O-O
24.Bd2 Kh8 25.Qh5 Be4 26.h4 Nd3 27.Bxd3 Bxd3 28.b4 Bxf1 29.Bxh6 gxh6 30.Qxh6+ Kg8
31.Qg5+ Kh7  1/2-1/2

[Event "Arandjelovac"]
[Site "Arandjelovac"]
[Date "1993.??.??"]
[Round "7"]
[White "Ilincic, Zlatko"]
[Black "Kosic, Dragan"]
[Result "1/2-1/2"]
[WhiteElo "2470"]
[BlackElo "2455"]

1.d4 d5 2.c4 c6 3.Nf3 Nf6 4.Nc3 e6 5.e3 Nbd7 6.Qc2 Bd6 7.Be2 O-O 8.O-O e5
9.cxd5 cxd5 10.Nb5 Bb8 11.dxe5 Nxe5 12.b3 Nxf3+ 13.Bxf3  1/2-1/2

[Event "AUT-chT"]
[Site "?"]
[Date "1993.??.??"]
[Round "?"]
[White "Schroll, Gerhard"]
[Black "Barbero, Gerardo F"]
[Result "0-1"]
[WhiteElo "2435"]
[BlackElo "2480"]

1.c4 c6 2.d4 d5 3.Nf3 Nf6 4.Nc3 e6 5.e3 Nbd7 6.Bd3 dxc4 7.Bxc4 b5 8.Bd3 Bb7
9.e4 b4 10.Na4 c5 11.e5 Nd5 12.dxc5 Nxc5 13.Bb5+ Nd7 14.Bg5 Qa5 15.Bxd7+ Kxd7
16.O-O Ba6 17.Re1 Bb5 18.b3 Bxa4 19.bxa4 h6 20.Be3 Be7 21.Nd4 Rhc8 22.Qh5 g6
23.Qf3 Ke8 24.Bxh6 Qxa4 25.Qh3 Rc3 26.g3 Bc5 27.Nxe6 fxe6 28.Qxe6+ Ne7 29.Qf6 Kd7
30.Be3 Rxe3 31.fxe3 Qc6 32.Rad1+ Kc7 33.e6 Nf5 34.Qe5+ Kb6 35.Rd4 Re8 36.Rb1 Nxd4
37.exd4 Bd6 38.Qe3 Qd5  0-1

[Event "AUT-chT"]
[Site "?"]
[Date "1993.??.??"]
[Round "?"]
[White "Chernin, Alexander"]
[Black "Horvath, Csaba"]
[Result "1/2-1/2"]
[WhiteElo "2600"]
[BlackElo "2490"]

1.d4 d5 2.c4 c6 3.e3 Nf6 4.Nc3 e6 5.Nf3 Nbd7 6.Bd3 dxc4 7.Bxc4 b5 8.Bd3 Bb7
9.O-O a6 10.e4 c5 11.d5 c4 12.Bc2 Qc7 13.Nd4 O-O-O 14.Bg5 Bc5 15.a3 Nb6 16.b4 cxb3
17.Nxb3  1/2-1/2

[Event "AUT-chT"]
[Site "?"]
[Date "1993.??.??"]
[Round "?"]
[White "Farago, Ivan"]
[Black "Chernin, Alexander"]
[Result "1/2-1/2"]
[WhiteElo "2510"]
[BlackElo "2600"]

1.d4 d5 2.c4 c6 3.Nc3 Nf6 4.e3 e6 5.Nf3 Nbd7 6.Qc2 Bd6 7.Be2 O-O 8.O-O dxc4
9.Bxc4 Qe7 10.h3 e5 11.Bd2 Bc7 12.Bb3 h6 13.Nh4 Re8 14.Nb5 Bb8 15.Ng6 Qd8
16.dxe5 Nxe5 17.Nd4 Nxg6 18.Qxg6 Nd5 19.Qd3 Qd6 20.Nf3 Nf6 21.Qxd6 Bxd6 22.Rfd1 Ne4
23.Be1 Bf8 24.Bc2 Nd6 25.Bb4 Nb5 26.Bxf8 Kxf8 27.Nd4 Nxd4 28.Rxd4 Be6 29.a3 Red8
30.Rad1 Rxd4 31.Rxd4 Ke7 32.f4 c5 33.Rd2 Rc8 34.e4 f6 35.Rd3 g5 36.Rg3 Rd8
37.e5 fxe5 38.fxg5 hxg5 39.Rxg5 Rd2 40.Be4 b5 41.b4 Rd4 42.Rxe5 Kf6 43.Rxc5 Rxe4
44.Rxb5 Re2 45.Ra5 Rd2 46.Ra6 Rd7 47.Kf2 Ke5 48.g4 Rd3 49.Rxa7 Rxh3 50.g5 Bf5
51.b5 Rb3 52.a4 Kf4 53.Re7 Rb4 54.Re2 Kxg5 55.Ra2 Kf4 56.a5 Rxb5 57.a6 Be4
58.a7 Ba8 59.Ke2 Rb7 60.Kd2 Ke5 61.Ra4 Kd5 62.Kc3 Rh7 63.Ra5+ Kc6 64.Kb4 Rh4+
65.Kc3 Kb6 66.Ra1 Rh8 67.Kd4 Bb7 68.Ke5 Ba6 69.Kd6 Kxa7 70.Kc7 Rc8+ 71.Kd7 Rc3
72.Rb1 Bd3 73.Rb2 Ka6 74.Kd6 Bb5 75.Kd5 Kb6 76.Kd4 Rd3+ 77.Ke4 Rd8 78.Ke5 Kc5
79.Kf6 Re8 80.Rb1 Bc6 81.Rb2 Kd6 82.Kf7 Re3 83.Rf2 Bd5+ 84.Kf8 Rg3 85.Ke8 Rg8+
86.Rf8 Rg4 87.Rf2 Bc4 88.Rf3 Rg2 89.Rf6+ Be6 90.Rf1 Ke5 91.Ke7 Rg7+ 92.Ke8 Ra7
93.Rf2 Bc4 94.Kd8 Kd6 95.Rd2+ Bd5 96.Rc2 Rf7 97.Ke8 Rf5 98.Rd2 Re5+ 99.Kd8 Re1
100.Rf2 Ra1 101.Rc2 Ra8+ 102.Rc8 Ra7 103.Rc1 Rh7 104.Re1 Rh4 105.Re2 Rh8+
106.Re8 Rh7 107.Re1 Bf3 108.Ke8 Bc6+ 109.Kf8 Bd5 110.Re2 Rf7+ 111.Ke8 Rf4
112.Kd8 Rf7 113.Re3 Ra7 114.Rc3 Be6 115.Rd3+  1/2-1/2

[Event "AUT-chT2S 9293"]
[Site "AUT"]
[Date "1993.??.??"]
[Round "?"]
[White "Singer, Richard"]
[Black "Steiner, Bruno"]
[Result "1-0"]
[WhiteElo "2235"]
[BlackElo "2200"]

1.d4 d5 2.Nf3 c6 3.c4 e6 4.Nc3 Nf6 5.e3 Nbd7 6.Qc2 Bd6 7.b3 O-O 8.Be2 Qe7
9.O-O a6 10.Rd1 b6 11.e4 Nxe4 12.Nxe4 dxe4 13.Qxe4 Bb7 14.Bb2 Rad8 15.Rd3 f5
16.Qe3 c5 17.Ng5 Rf6 18.d5 e5 19.f4 Rg6 20.Re1 e4 21.Rdd1 Nf8 22.Bh5 Bxf4
23.Qxf4 Qxg5 24.Qxg5 Rxg5 25.Be2 Nd7 26.Rf1 Rf8 27.Rf4 Bc8 28.Rdf1 Nb8 29.Be5 Bd7
30.a3 Re8 31.Bc7 b5 32.R4f2 Rc8 33.Bf4 Rg6 34.Rc1 h6 35.Be3 b4 36.axb4 cxb4
37.c5 Rf6 38.Bc4 g5 39.c6 f4 40.Bd4 Rg6 41.cxd7 Nxd7 42.Ra1 e3 43.Rfa2 Nb8
44.Kf1 g4 45.Ke2 h5 46.Rf1 f3+ 47.gxf3 gxf3+ 48.Kxf3 e2 49.Kxe2 Re8+ 50.Kd3 a5
51.d6+ Kh7 52.d7 Nxd7 53.Rf7+ Kh6 54.Rxd7  1-0

[Event "Avoine Ronde op"]
[Site "Avoine"]
[Date "1993.??.??"]
[Round "?"]
[White "Heurtebize, Olivier"]
[Black "Alawieh, Amine"]
[Result "0-1"]
[WhiteElo "2050"]
[BlackElo "2330"]

1.d4 d5 2.c4 c6 3.Nc3 Nf6 4.e3 e6 5.Nf3 Nbd7 6.g3 dxc4 7.Bg2 b5 8.Nd2 Nd5
9.O-O Bb7 10.e4 Nxc3 11.bxc3 c5 12.Rb1 cxd4 13.Nxc4 Rc8 14.Qb3 a6 15.a4 Nc5
16.Qd1 bxc4 17.cxd4 Nb3 18.Rxb3 cxb3 19.Qxb3 Ba8 20.d5 e5  0-1

[Event "Azov"]
[Site "Azov"]
[Date "1993.??.??"]
[Round "?"]
[White "Pushkov, Nikolai"]
[Black "Beshukov, Sergei"]
[Result "1/2-1/2"]
[WhiteElo "2485"]
[BlackElo "2445"]

1.d4 d5 2.c4 c6 3.Nc3 Nf6 4.e3 e6 5.Nf3 Nbd7 6.Qc2 Bd6 7.Be2 O-O 8.O-O Qe7
9.Rd1 dxc4 10.Bxc4 e5 11.h3 e4 12.Nd2 Nb6 13.Be2 Re8 14.b3 Nbd5 15.Bb2 Bf5
16.Nc4  1/2-1/2

[Event "Mitropa Cup"]
[Site "Bad Woerishofen"]
[Date "1993.??.??"]
[Round "?"]
[White "Horvath, Csaba"]
[Black "Schlosser, Philipp"]
[Result "1-0"]
[WhiteElo "2490"]
[BlackElo "2520"]

1.d4 d5 2.c4 e6 3.Nc3 c6 4.e3 Nf6 5.Nf3 Nbd7 6.Bd3 dxc4 7.Bxc4 b5 8.Be2 Bb7
9.O-O a6 10.e4 c5 11.e5 Nd5 12.a4 b4 13.Ne4 cxd4 14.Bg5 Qb6 15.a5 Qa7 16.Nxd4 h6
17.Bh4 Nf4 18.Bf3 Ng6 19.Bg3 Ngxe5 20.Bxe5 Nxe5 21.Qa4+ Kd8 22.Rfd1 Bd5 23.Nf6 Bc5
24.Nxd5 exd5 25.Bxd5 Ke7 26.Bxa8 Rxa8 27.Nc6+ Nxc6 28.Qxc6 Bxf2+ 29.Kf1 Be3
30.Qd6+ Ke8 31.Rd5  1-0

[Event "Mitropa Cup"]
[Site "Bad Woerishofen"]
[Date "1993.??.??"]
[Round "?"]
[White "Priehoda, Vitezslav"]
[Black "Horvath, Csaba"]
[Result "1/2-1/2"]
[WhiteElo "2440"]
[BlackElo "2490"]

1.Nf3 Nf6 2.c4 c6 3.d4 d5 4.Nc3 e6 5.e3 Nbd7 6.Qc2 Bd6 7.Be2 O-O 8.O-O dxc4
9.Bxc4 b5 10.Bd3 Bb7 11.h3 b4 12.Ne4 Nxe4 13.Bxe4 Nf6 14.Bd3 c5 15.dxc5  1/2-1/2

[Event "Baden-Baden op"]
[Site "Baden-Baden"]
[Date "1993.??.??"]
[Round "5"]
[White "Volke, Karsten"]
[Black "Fischer, Martin"]
[Result "1-0"]
[WhiteElo "2470"]
[BlackElo "2260"]

1.d4 d5 2.c4 c6 3.Nc3 e6 4.Nf3 Nf6 5.e3 Nbd7 6.Qc2 Bd6 7.b3 O-O 8.Be2 Re8
9.O-O Qe7 10.e4 dxe4 11.Nxe4 Nxe4 12.Qxe4 e5 13.Bb2 Nf6 14.Qh4 e4 15.Ne1 Ng4
16.Qxe7 Rxe7 17.g3 a5 18.Nc2 Bd7 19.Bc3 Bf5 20.Bd2 c5 21.Rad1 Rae8 22.Ne3 Nxe3
23.Bxe3 Bh3 24.Rfe1 cxd4 25.Rxd4 Bc5 26.Rd5 Bxe3 27.fxe3 Bd7 28.Red1 Bc6
29.Rd6 Re6 30.Bg4 Rg6 31.Rxg6 hxg6 32.Rd6 f5 33.Bh3 Rc8 34.Rxg6 Be8 35.Rb6 Rd8
36.Bxf5  1-0

[Event "Baden-Baden op"]
[Site "Baden-Baden"]
[Date "1993.??.??"]
[Round "9"]
[White "Schlosser, Philipp"]
[Black "Beikert, Guenther"]
[Result "1-0"]
[WhiteElo "2550"]
[BlackElo "2415"]

1.d4 d5 2.c4 c6 3.e3 Nf6 4.Nc3 e6 5.Nf3 Nbd7 6.Qc2 Bd6 7.Be2 O-O 8.O-O dxc4
9.Bxc4 e5 10.Bb3 exd4 11.exd4 Nb6 12.Bg5 Bg4 13.Ne5 Be6 14.Bxe6 fxe6 15.Qb3 Qe8
16.Rfe1 Nfd5 17.Bh4 Bxe5 18.Rxe5 Rf4 19.Nxd5 cxd5 20.Bg3 Rxd4 21.Qe3 Re4
22.Rxe4 dxe4 23.Qxe4 Qd7 24.Re1 Re8 25.Be5 Qd5 26.Qg4 Re7 27.b3 Nd7 28.Qb4 Re8
29.Bd4 a6 30.h3 Nb8 31.Bb2 Qd7 32.Qg4 Nc6 33.Re3 Rd8 34.Kh2 Re8 35.h4 Qf7
36.f4 h5 37.Qg5 g6 38.Rd3 Rf8 39.g3 Kh7 40.Rd6 Qe8 41.Qc5 Rf5 42.Qc4 e5 43.Qd5 Kh6
44.Rd7 Qb8 45.Kg2 Qc8 46.fxe5 Ne7 47.Qd2+ g5 48.Rxe7 Qc6+ 49.Kh2  1-0

[Event "Baden-Baden op"]
[Site "Baden-Baden"]
[Date "1993.??.??"]
[Round "9"]
[White "Sturua, Zurab"]
[Black "Gerstner, Wolfgang"]
[Result "1-0"]
[WhiteElo "2540"]
[BlackElo "2355"]

1.d4 d5 2.c4 e6 3.Nc3 c6 4.Nf3 Nf6 5.e3 Nbd7 6.Qc2 Bd6 7.Be2 O-O 8.O-O Qe7
9.Rd1 Re8 10.h3 h6 11.b3 dxc4 12.bxc4 e5 13.Bb2 e4 14.Nd2 Nf8 15.c5 Bc7 16.Nc4 Ng6
17.d5 cxd5 18.Nxd5 Nxd5 19.Rxd5 Be6 20.Rh5 f5 21.Qc3 Kh7 22.Nd6 Rf8 23.g4 fxg4
24.Nxe4 Kg8 25.hxg4 Rf7 26.Qc2 Nf8 27.Rd1 Rd8 28.Rxd8 Qxd8 29.g5 Rf5 30.f4 Bf7
31.Rh1 hxg5 32.Bg4 Be6 33.Nd6 Rxc5 34.Bxe6+ Nxe6 35.Qh7+ Kf8 36.Bxg7+ Nxg7
37.Qh8+ Ke7 38.Qxg7+  1-0

[Event "Balatonbereny op"]
[Site "Balatonbereny"]
[Date "1993.??.??"]
[Round "1"]
[White "Varga, Zoltan"]
[Black "Kecskes, Gabor"]
[Result "1/2-1/2"]
[WhiteElo "2475"]
[BlackElo "2220"]

1.d4 d5 2.c4 c6 3.Nf3 e6 4.e3 Nf6 5.Nc3 Nbd7 6.Qc2 Bd6 7.g4 dxc4 8.g5 Nd5
9.Bxc4 b5 10.Be2 Bb7 11.Bd2 a6 12.Ne4 Be7 13.Rg1 Qb6 14.Rc1 Qc7 15.Rg4 Rc8
16.Nc5 Nxc5 17.dxc5 e5 18.Qf5 f6 19.gxf6 Bxf6 20.Ng5 g6 21.Qf3 Qe7 22.Ne4 O-O
23.Qh3 Rcd8 24.Nd6 Bc8 25.Nxc8 Rxc8 26.Bf3 Bg7 27.Qg2 Qf7 28.Rg3 Rcd8 29.Ba5 Rde8
30.Be4 Nf6 31.Qh1 Qxa2 32.Bd2 Qf7 33.Kf1 Nd5 34.Rf3 Qe6 35.Rxf8+  1/2-1/2

[Event "Balkaniad-Boys"]
[Site "?"]
[Date "1993.??.??"]
[Round "3"]
[White "Chatalbashev, Boris"]
[Black "Cozianu, Costin"]
[Result "0-1"]
[WhiteElo "2380"]
[BlackElo "2295"]

1.d4 d5 2.c4 e6 3.Nc3 c6 4.e3 Nf6 5.Nf3 Nbd7 6.Bd3 dxc4 7.Bxc4 b5 8.Bd3 a6
9.e4 c5 10.e5 cxd4 11.Nxb5 Nxe5 12.Nxe5 axb5 13.Bxb5+ Bd7 14.Nxd7 Qa5+ 15.Bd2 Qxb5
16.Nxf8 Kxf8 17.Qe2 Qd5 18.O-O h5 19.Rfc1 h4 20.h3 Kg8 21.a4 Rh5 22.a5 d3
23.Qe3 Re5 24.Qf4 Re2 25.a6 Ne4 26.a7 Nxf2 27.Kh2 Nxh3 28.Qb8+ Kh7 29.Kxh3 Qxg2+
30.Kxh4 Re4+ 31.Bf4 g5+ 32.Kh5 Rxf4  0-1

[Event "Oberliga Bayern9394"]
[Site "Bayern"]
[Date "1993.??.??"]
[Round "?"]
[White "Kostic, Vladimir"]
[Black "Salac, Jiri"]
[Result "1-0"]
[WhiteElo "2330"]
[BlackElo "2260"]

1.d4 d5 2.c4 c6 3.e3 Nf6 4.Nf3 e6 5.Nc3 Be7 6.Qc2 a6 7.Be2 b5 8.c5 Nbd7 9.a3 Qc7
10.O-O O-O 11.b4 a5 12.Bb2 Bb7 13.Rac1 axb4 14.axb4 Rfe8 15.Bd3 Nf8 16.Ne5 N6d7
17.Nxd7 Qxd7 18.e4 g6 19.e5 f5 20.exf6 Bxf6 21.Nxb5 cxb5 22.c6 Bxc6 23.Qxc6 Qg7
24.Bxb5 Bxd4 25.Bxd4 Qxd4 26.Qxe8 Rxe8 27.Bxe8 Qxb4 28.Rb1 Qd6 29.Rfc1 e5
30.Rb7 d4 31.Ba4 d3 32.Bb3+ Kh8 33.Rc8 d2 34.Bd1 Kg8 35.Rbb8 Qa3 36.Rb1 Kg7
37.h4 Ne6 38.g4 g5 39.Rc6 Qe7 40.h5 Nd8 41.h6+ Kf7 42.Rc2 Qd6 43.Rbb2 Ne6
44.Rxd2 Nd4 45.Rb7+ Kf6 46.Rdb2 Ne6 47.Bc2 Qd4 48.Bf5  1-0

[Event "Beersheba"]
[Site "Beersheba"]
[Date "1993.??.??"]
[Round "2"]
[White "Greenfeld, Alon"]
[Black "Chernin, Alexander"]
[Result "1/2-1/2"]
[WhiteElo "2590"]
[BlackElo "2615"]

1.d4 d5 2.c4 c6 3.Nc3 Nf6 4.e3 e6 5.Nf3 Nbd7 6.Bd3 dxc4 7.Bxc4 b5 8.Bd3 a6
9.e4 c5 10.e5 cxd4 11.Nxb5 Ng4 12.Nbxd4 Bb4+ 13.Bd2 Bxd2+ 14.Qxd2 Bb7 15.Rd1 Ndxe5
16.Be2 O-O 17.O-O Nxf3+  1/2-1/2

[Event "Beersheba"]
[Site "Beersheba"]
[Date "1993.??.??"]
[Round "4"]
[White "Greenfeld, Alon"]
[Black "Gurevich, Dmitry"]
[Result "1/2-1/2"]
[WhiteElo "2590"]
[BlackElo "2575"]

1.Nf3 d5 2.d4 Nf6 3.c4 c6 4.Nc3 e6 5.e3 Nbd7 6.Bd3 dxc4 7.Bxc4 b5 8.Bd3 a6
9.e4 c5 10.e5 cxd4 11.Nxb5 Ng4 12.Nd6+ Bxd6 13.exd6 Qa5+ 14.Qd2 Qd5 15.Qg5 Qxg5
16.Bxg5 Nc5 17.Be2 f6 18.Bd2 e5 19.O-O Ne4 20.Bb4 a5 21.Ba3 Ba6 22.Rae1 Nexf2
23.Nxd4 Kd7 24.Bxa6 Rxa6 25.Nb3 Nd3 26.Rd1 e4 27.Rxd3 exd3 28.Nc5+ Kc6 29.Nxa6 d2
30.Rd1 Re8 31.Kf1 Nxh2+ 32.Kf2 Ng4+ 33.Kf3 Ne5+ 34.Ke3 Nc4+ 35.Kd4 Re1 36.Nb8+ Kb7
37.d7 Rxd1 38.d8=Q Rc1 39.Qe7+ Kxb8 40.Bd6+ Nxd6 41.Qxd6+ Kb7 42.Qd7+ Kb6
43.Qd6+ Kb7  1/2-1/2

[Event "Beijing op"]
[Site "Beijing"]
[Date "1993.??.??"]
[Round "5"]
[White "Miles, Anthony J"]
[Black "Qi Jingxuan"]
[Result "1/2-1/2"]
[WhiteElo "2565"]
[BlackElo "2450"]

1.d4 Nf6 2.Nf3 e6 3.c4 d5 4.Nc3 c6 5.e3 Nbd7 6.Qc2 Bd6 7.Be2 O-O 8.O-O Qe7
9.e4 dxe4 10.Nxe4 Nxe4 11.Qxe4 e5 12.Bg5 f6 13.Be3 g6 14.c5 exd4 15.Qxe7 Bxe7
16.Bh6 Rd8 17.Bc4+ Kh8 18.b4 Ne5 19.Rfe1 Nxf3+ 20.gxf3 Bf8 21.Bxf8 Rxf8 22.Rad1 a5
23.b5 cxb5 24.Bxb5 Bh3 25.Rxd4 Rac8 26.Bd7 Rcd8 27.Re7 Rxd7 28.Rdxd7 Bxd7
29.Rxd7 Rc8 30.Rxb7 Rxc5 31.Ra7 Kg8 32.a4 h5 33.Kf1 g5 34.h3 Kf8 35.Kg2 Ke8
36.f4 gxf4 37.Kf3 Rc3+ 38.Kxf4 Rc4+ 39.Kf5 Rxa4 40.f4 Ra1 41.Ke6 Kd8 42.Kxf6 a4
43.f5 a3 44.Kf7 a2 45.f6 h4 46.Ra4 Kd7 47.Ra3 Kd6 48.Ra5 Kc6 49.Ra8 Kb5 50.Kf8 Rf1
51.Rxa2 Rxf6+ 52.Kg7 Rf3 53.Rh2  1/2-1/2

[Event "Beijing op"]
[Site "Beijing"]
[Date "1993.??.??"]
[Round "8"]
[White "Li Wenliang"]
[Black "Peng, Zhaoqin"]
[Result "0-1"]
[WhiteElo "2330"]
[BlackElo "2335"]

1.d4 d5 2.c4 c6 3.Nc3 Nf6 4.e3 e6 5.Nf3 Nbd7 6.Bd3 dxc4 7.Bxc4 b5 8.Bd3 Bb7
9.a3 a6 10.b4 a5 11.Rb1 axb4 12.axb4 Bd6 13.O-O O-O 14.Qc2 Qe7 15.e4 e5 16.Bg5 h6
17.Bh4 Rfe8 18.Ne2 Rac8 19.Rfd1 Bb8 20.Ng3 exd4 21.Nxd4 Qf8 22.Ngf5 c5 23.bxc5 Rxc5
24.Qb2 Bxe4 25.Bxe4 Rxe4 26.f3 Ree5 27.g4 Rcd5 28.Kh1 Re8 29.Nxb5 Be5 30.Qg2 Rb8
31.Na7 Rxd1+ 32.Rxd1 Rb2 33.Bf2 Qa3 34.Nc6 Qa2 35.Kg1 Bf4 36.h4 Nd5 37.Nce7+ Nxe7
38.Nxe7+ Kh7 39.g5 Ne5 40.gxh6 g6 41.h5 Bh2+ 42.Kh1 Rxf2 43.hxg6+ fxg6 44.Qh3 Bf4  0-1

[Event "Beijing op"]
[Site "Beijing"]
[Date "1993.??.??"]
[Round "11"]
[White "Ward, Christopher"]
[Black "Peng, Zhaoqin"]
[Result "1-0"]
[WhiteElo "2460"]
[BlackElo "2335"]

1.d4 d5 2.c4 c6 3.Nc3 Nf6 4.e3 e6 5.Nf3 Nbd7 6.Qc2 Bd6 7.b3 O-O 8.Be2 Re8
9.O-O dxc4 10.bxc4 e5 11.Rd1 Qe7 12.Rb1 e4 13.Nd2 Nf8 14.a4 Ng6 15.c5 Bc7
16.Ba3 h5 17.Nc4 Ng4 18.g3 Qf6 19.Rf1 Qf5 20.Nd6 Bxd6 21.cxd6 h4 22.h3 Nf6
23.g4 Qe6 24.Kg2 Nf8 25.a5 N8h7 26.Qb3 Qd7 27.d5 Ng5 28.dxc6 bxc6 29.Na4 Qd8
30.Qc3 Be6 31.Rb7 Bd5 32.Re7 Ne6 33.Rb1 c5 34.Qe5 Qxa5 35.Rxe8+ Rxe8 36.g5 Qxa4
37.gxf6 Qxa3 38.Qxd5 Rd8 39.fxg7 Qa4 40.Bg4 Kxg7 41.Qe5+ Kg8 42.Bxe6 fxe6
43.Qxe6+  1-0

[Event "Benasque op"]
[Site "Benasque"]
[Date "1993.??.??"]
[Round "5"]
[White "Izeta Txabarri, Felix"]
[Black "Antunes, Antonio"]
[Result "0-1"]
[WhiteElo "2510"]
[BlackElo "2425"]

1.d4 d5 2.c4 e6 3.Nc3 c6 4.e3 Nf6 5.Nf3 Nbd7 6.Qc2 Bd6 7.b3 O-O 8.Be2 Re8
9.O-O Qe7 10.Rd1 h6 11.Bb2 dxc4 12.bxc4 e5 13.Rab1 e4 14.Nd2 Nf8 15.c5 Bc7
16.Nc4 Ng6 17.Ba3 Rb8 18.Nd6 Bxd6 19.cxd6 Qe6 20.Qa4 a6 21.Qa5 b5 22.Bf1 Nh4
23.Qb4 Qg4 24.d5 c5 25.Qxc5 Nf3+ 26.Kh1 Nxh2 27.d7 Bxd7 28.Kxh2 Qh4+ 29.Kg1 Ng4
30.Qd6 Qxf2+ 31.Kh1 Rb6  0-1